Соболевский А. И., профессор

Доступно только в Электронных читальных залах Найти на картеНа карте
RUSMARC
00004451nmc2a22002891x 450
001a266730e-8f96-41d7-a510-d7ca8fdd0455
00520130902233034.0
100##$a20130731l19081918k y0rusy50 ca
1010#$arus
102##$aRU
105##$aa z |||||
2001#$aСоболевский А. И., профессор
$j1908-1918
215##$a88 листов
$cмарки, визитная карточка
251##$cДело
300##$aЗаголовок дела на папке: Письма Соболевского А. Никольскому Б. В.
300##$a33 письма
300##$aЛисты 2 (2 марки), 4, 6 (2 марки), 13 (1 марка), 16 (1 марка), 19, 24 (1 марка), 29, 32 (1 марка), 35 (1 марка), 38 (1 марка), 41 (1 марка), 44 (1 марка), 47 (2 марки), 50 (1 марка), 53, 56 (1 марка), 58 (1 марка), 61 (1 марка), 64 (2 марки), 66 (1 марка), 67 (1 марка), 70 (1 марка), 73 (1 марка), 75, 79 (2 марки), 81 (1 марка) - конверты. Лист 53, 75 - оторвана марка. Лист 61 - оторвана 1 марка. Лист 83 - отклеены 3 марки. Лист 81 - отклеена марка. Лист 57 - визитная карточка
300##$aРукописный текст
330##$aА. Переписка; 1. Письма к Б. В. Никольскому; (Геерлингер И., Мичерлинг А. А.) см. № 495
461#0$10011c5950b4-9b17-43ad-92f1-e565a07ae223
$12001
$aНикольский Борис Владимирович, историк права, профессор Юрьевского и Петербургского университетов, один из руководителей главного совета "Русского собрания", поэт, критик
$1251
$cФонд
$1852
$j588
462#0$1001855f2cb0-80f8-42f6-88fa-41bf4837b2b7
$12001
$aНикольский Борис Владимирович. 1837-1919 гг.
$1251
$cОпись
$1852
$j1
517##$aПисьма Соболевского А. Никольскому Б. В.
600#1$aНикольский
$bБ. В.
$gБорис Владимирович
600#1$aСоболевский
$bА. И.
$gАлексей Иванович
801#0$aRU
$bGA_RF
801#1$aRU
$bНПО Опыт
$c20130731
$2rusmarc
801#2$aRU
$bПБ им. Б.Н. Ельцина
$c20130902
$gRCR
$2rusmarc
852##$aГА РФ
$j722
937##$d31244459
$hПБ
035##$aRuPRLIB51010644
Формат отображения